| 000 | 00779cam a22002771 4500 | ||
|---|---|---|---|
| 001 | 35789 | ||
| 003 | BD-RjUL | ||
| 005 | 20211209052359.0 | ||
| 008 | 190311s1956 nyua 000 0 eng | ||
| 035 | _a(BD-RjUL) | ||
| 035 | _a(OCoLC)2079061 | ||
| 040 |
_aDLC _cOClU _dOCoLC _dDLC _beng |
||
| 041 | _aeng | ||
| 042 | _apremarc | ||
| 082 | _223 | ||
| 100 | 1 |
_aSchure, Alexander, _d1920- _eed. _9216439 |
|
| 245 | 1 | 0 | _aBlocking oscillators. |
| 260 |
_aNew York, _bJ. F. Rider _c[1956] |
||
| 300 |
_a64p. _billus. _c22cm. |
||
| 490 | 0 | _aA Rider publication, no. 166-10. Electronic technology series | |
| 650 | 0 |
_aOscillators, Electric _9229241 |
|
| 906 |
_a7 _bcbc _coclcrpl _du _encip _f19 _gy-gencatlg |
||
| 942 |
_2ddc _cBK |
||
| 999 |
_c35789 _d35789 |
||